00478nmm a2200169Ia 4500008004100000020001800041041000800059100002200067245003200089264005100121300001800172490002100190650002200211856005100233942000700284999001700291251105s9999||||xx |||||||||||||||||und|| a9788416023998 aspa adel Río, Isabel 0aLa vidente de la luna llena a[Madrid, España] :bKailas Editorial, c2016 a224 páginas aKailas Ficción aSpanish narrative uhttps://public.digitaliapublishing.com/a/87240 cCF c77199d77199